000 01547nam a2200373Ia 4500
001 ebr10370022
003 CaPaEBR
006 m u
007 cr cn|||||||||
008 090629s2009 enk sb 001 0 eng d
010 _z 2009026148
020 _z9781847692146 (hbk : alk. paper)
020 _z9781847692139 (pbk : alk. paper)
020 _z9781847692153 (ebook)
040 _aCaPaEBR
_cCaPaEBR
035 _a(OCoLC)593272902
050 1 4 _aP40.5.H57
_bM46 2009eb
082 0 4 _a428.0071/073
_222
100 1 _aMenard-Warwick, Julia.
245 1 0 _aGendered identities and immigrant language learning
_h[electronic resource] /
_cJulia Menard-Warwick.
260 _aBristol ;
_aBuffalo :
_bMultilingual Matters,
_cc2009.
300 _axiv, 211 p.
490 1 _aCritical language and literacy studies ;
_v4
504 _aIncludes bibliographical references and index.
533 _aElectronic reproduction.
_bPalo Alto, Calif. :
_cebrary,
_d2011.
_nAvailable via World Wide Web.
_nAccess may be limited to ebrary affiliated libraries.
650 0 _aHispanic Americans
_xLanguage
_zCalifornia.
650 0 _aHispanic Americans
_xEducation
_zCalifornia.
650 0 _aHispanic Americans
_xSocialization
_zCalifornia.
650 0 _aSociolinguistics
_zCalifornia.
655 7 _aElectronic books.
_2local
710 2 _aebrary, Inc.
830 0 _aCritical language and literacy studies ;
_v4.
856 4 0 _uhttp://site.ebrary.com/lib/rucke/Doc?id=10370022
_zAn electronic book accessible through the World Wide Web; click to view
999 _c214014
_d214014